Αδήλωτη απασχόληση και "νομιμοποίηση" των μεταναστών : η πρόκληση της μεταναστευτικής πολιτικής
Saved in:
| Corporate Author: | |
|---|---|
| Other Authors: | , |
| Format: | Conference Proceeding Book |
| Language: | Greek |
| Published: |
Αθήνα :
Ιστιτούτο Εργασίας ΓΣΕΕ/ΑΔΕΔΥ,
2007
|
| Series: | Μελέτες ;
; 27 |
| Subjects: | |
| Tags: |
Add Tag
No Tags, Be the first to tag this record!
|
MARC
| LEADER | 00000cam a2200000 i 4500 | ||
|---|---|---|---|
| 001 | 1/46623 | ||
| 008 | 140430s2007 gre d | ||
| 020 | |a 978-960-7402-34-9 (pbk.) | ||
| 035 | |l 10117511 | ||
| 040 | |a GR-MY-UA |b gre |e aacr | ||
| 041 | 0 | |a gre | |
| 082 | 0 | |a 331.127 |2 (23) | |
| 245 | 1 | 0 | |a Αδήλωτη απασχόληση και "νομιμοποίηση" των μεταναστών : |b η πρόκληση της μεταναστευτικής πολιτικής / |c επιμέλεια Απόστολος Καψάλης |
| 260 | |a Αθήνα : |b Ιστιτούτο Εργασίας ΓΣΕΕ/ΑΔΕΔΥ, |c 2007 | ||
| 300 | |a 411 σ.; |b διαγρ., πίν.; |c 24 εκ. | ||
| 490 | 1 | |a Μελέτες |v ; 27 | |
| 504 | |a Βιβλιογραφία: σ.393-411 | ||
| 650 | 0 | 0 | |a Emigration and immigration |x Economic aspects. |
| 650 | 0 | 0 | |a Labor mobility. |
| 650 | 0 | 0 | |a Emigration and immigration |x Government policy. |
| 650 | 0 | 0 | |a Immigrants |z Greece |x Social conditions. |
| 700 | 1 | |a Καψάλης, Απόστολος. |4 edt | |
| 700 | 1 | |a Πολυζωγόπουλος, Χρήστος. |4 aui | |
| 711 | 2 | |a Ινστιτούτο Εργασίας ΓΣΕΕ-ΑΔΕΔΥ. | |
| 830 | 0 | |a Μελέτες ; |v ; 27 | |
| 852 | |a INST |b CHIOS |e 20140430 |h 331.127 ΙΝΣ |p 005200036136 |q 005200036136 |t BK |y 0 | ||
| 901 | |a BIBL2-2014-1 | ||
| 909 | |a Χ |b 180641 | ||
| 970 | |a ΣΠΕΝΤΖΑ |b ΕΛΕΝΗ |z 2014/04/30 | ||